| 000 | 00364nam a2200157Ia 4500 | ||
|---|---|---|---|
| 005 | 20250425161510.0 | ||
| 008 | 250425s9999 xx 000 0 und d | ||
| 041 | _aspa | ||
| 082 | _aIBM4381 | ||
| 245 | 0 | _aPROBLEMAS DE DISENO DE ELEMENTOS DE MAQUINAS | |
| 250 | _aS.E. | ||
| 260 | _aS.L. | ||
| 260 |
_aSin Pais _bMOSI _c1972 |
||
| 942 | _c01 | ||
| 010 | _a21623 | ||
| 999 |
_c210439 _d210439 |
||